LEADER 01150nam0 22002533i 450 001 VAN00246035 005 20240806101405.518 100 $a20220517d2013 |0itac50 ba 101 $aita 102 $aIT 105 $a|||| ||||| 200 1 $aˆL' ‰architettura, il paesaggio e l'ambiente delle ville vesuviane nelle fotografie di Vittorio Pandolfi (1956-1959)$fErnesto De Martino 210 $aNapoli$cEdizioni Scientifiche Italiane$d2013 215 $a207 p.$cill.$d25 cm 620 $dNapoli$3VANL000005 700 1$aDe Martino$bErnesto$3VANV012398$037814 712 02$aESI$ceditore$3VANV108662 791 02$aEdizioni scientifiche italiane$zESI $3VANV108663 801 $aIT$bSOL$c20260130$gRICA 899 $aBIBLIOTECA DEL DIPARTIMENTO DI LETTERE E BENI CULTURALI$1IT-CE0103$2VAN07 912 $aVAN00246035 950 $aBIBLIOTECA DEL DIPARTIMENTO DI LETTERE E BENI CULTURALI$d07CONS Lb 543 $e07UBL2541 20220517 996 $aArchitettura, il paesaggio e l'ambiente delle ville vesuviane nelle fotografie di Vittorio Pandolfi (1956-1959)$92837925 997 $aUNICAMPANIA